000 01147cam a22002894a 4500
999 _c41153
_d41153
001 13257696
003 OSt
005 20210702112025.0
008 030630s2004 ne a b 001 0 eng
010 _a 2003057854
020 _a9780124211803
040 _aDLC
_cDLC
_dDLC
042 _apcc
050 0 0 _aQA39.3
_b.K67 2004
082 0 0 _a510
_222
_bKOS/D
100 _aKoshy, Thomas
_93943
245 1 0 _aDiscrete mathematics with applications /
_cThomas Koshy.
260 _aAmsterdam ;
_aBoston :
_bElsevier Academic Press,
_cc2004.
300 _axxiv, 1045 p. :
_bill. ;
_c25 cm.
504 _aIncludes bibliographical references (p. 899-905) and indexes.
650 0 _aMathematics.
856 4 2 _3Publisher description
_uhttp://www.loc.gov/catdir/description/els041/2003057854.html
856 4 1 _3Table of contents
_uhttp://www.loc.gov/catdir/toc/els041/2003057854.html
906 _a7
_bcbc
_corignew
_d1
_eocip
_f20
_gy-gencatlg
942 _2ddc
_cBK
_h510
_iKOS/D
_k510
_mKOS/D